La mecánica del cambio político en México : elecciones, partidos y reformas /

Guardado en:
書目詳細資料
主要作者: Becerra, Ricardo (autor)
其他作者: Salazar Ugarte, Pedro (autor) (autor), Woldenberg, José (autor) (autor)
格式: 圖書
語言:西班牙语
出版: México : Cal y Arena, 2000, c2000
標簽: 添加標簽
沒有標簽, 成為第一個標記此記錄!

MARC

LEADER 00000nam^a2200000^a^4500
001 000581404
005 20250521000000.0
009 20260310132608.956
020 |a 968-493-369-X 
037 |a Acervo ITESO - Biblioteca 
041 |a ESP 
091 |a FLG. 01110 
100 |a Becerra, Ricardo  |e (autor) 
245 1 3 |a La mecánica del cambio político en México :  |b elecciones, partidos y reformas / 
264 4 |a México :  |b Cal y Arena,  |c 2000, c2000 
300 |a 491 p. 
336 |a texto  |b txt  |2 rdacontenido 
337 |a sin mediación  |b n  |2 rdamedio 
338 |a volumen  |b nc  |2 rdasoporte 
649 |a XX 
700 |a Salazar Ugarte, Pedro  |e (autor) 
700 |a Woldenberg, José  |e (autor) 
910 |a Fondo Luis González de Alba 
920 |a Impresos - Libros 
930 |a Fondos Especiales 
905 |a 141 
901 |a 0500397813  |b IT2  |c ESP  |i D  |u 20250521 
902 |a https://opac.biblio.iteso.mx/vufind/Record/000581404